[Event "AUTO-OPEN-1217"]
[Site "http://www.queenalice.com/game.php?id=442880"]
[Date "2008.8.2"]
[Round "1"]
[White "Hussan"]
[Black "Lorfman"]
[Result "0-1"]
[WhiteElo "1738"]
[BlackElo "2479"]

1. e4 c5 2. Nf3 Nc6 3. d4 cxd4 4. Nxd4 Nf6 5. Nxc6 bxc6 6. Bd3 e5 7. Bg5 Be7 8.
O-O O-O 9. Nd2 h6 10. Bxf6 Bxf6 11. Nc4 d5 12. exd5 cxd5 13. Nd2 e4 14. Bb5 Bxb2
15. Rb1 Be5 16. c4 Qg5 17. Kh1 Bh3 18. gxh3 Qf4 0-1

[Event "AUTO-OPEN-1217"]
[Site "http://www.queenalice.com/game.php?id=442901"]
[Date "2008.8.2"]
[Round "1"]
[White "Diego_Silveira"]
[Black "Hussan"]
[Result "1/2-1/2"]
[WhiteElo "1983"]
[BlackElo "1794"]

1. d4 d5 2. c4 e6 3. Nf3 Nf6 4. Bg5 h6 5. Bh4 Be7 6. e3 Ne4 7. Bxe7 Qxe7 8. a3
O-O 9. Nc3 Nxc3 10. bxc3 dxc4 11. Bxc4 Nc6 12. Rb1 Qxa3 13. Qc2 Qd6 14. e4 e5
15. d5 Ne7 16. O-O b6 17. Nd2 Qg6 18. Kh1 a5 19. f4 exf4 20. Rxf4 Bd7 21. Rbf1
Be8 22. Bd3 Bd7 23. Nc4 Bb5 24. Ne5 Bxd3 25. Nxg6 Bxc2 26. Nxe7+ Kh7 27. e5 f6
28. exf6 gxf6 29. Rxf6 Rxf6 30. Rxf6 Re8 31. Rf7+ Kh8 32. Kg1 Be4 33. Kf2 a4 34.
Nc6 Bxd5 35. Rxc7 Ra8 36. Nb4 a3 37. Re7 a2 38. Re1 a1=Q 39. Rxa1 Rxa1 40. Nxd5
Ra2+ 41. Kf3 Rc2 42. g4 Rxh2 43. Nxb6 Rh3+ 44. Kf4 Rxc3 45. Nd5 Rc4+ 46. Kg3 Rd4
47. Ne7 Re4 48. Nd5 Kg7 49. Kf3 Rd4 50. Nf4 Kf6 51. Nh3 Kg6 52. Kg3 h5 53. gxh5+
Kxh5 54. Nf4+ Kg5 55. Ne6+ Kf5 1/2-1/2

[Event "AUTO-OPEN-1217"]
[Site "http://www.queenalice.com/game.php?id=442902"]
[Date "2008.8.2"]
[Round "1"]
[White "Hussan"]
[Black "Diego_Silveira"]
[Result "0-1"]
[WhiteElo "1814"]
[BlackElo "2002"]

1. e4 c6 2. d4 d5 3. e5 Bf5 4. Bd3 Bxd3 5. Qxd3 e6 6. Nf3 Nd7 7. a3 c5 8. Be3
Qb6 9. dxc5 Qxb2 10. Bd4 Qc1+ 11. Qd1 Qxd1+ 12. Kxd1 Bxc5 13. Nc3 Rc8 14. Nb5
Ke7 15. Nd6 Rc7 16. Bxc5 Nxc5 17. Ng5 Nh6 18. Nb5 Rc6 19. Nxa7 Rb6 20. Ke2 Ra8
21. Nxh7 Rxa7 22. Ng5 Rb2 23. Kd2 Ne4+ 24. Nxe4 dxe4 25. Rhe1 e3+ 26. Rxe3 Ra5
27. h3 Rc5 28. Rc1 Nf5 29. Rc3 Rxc3 30. Kxc3 Rb5 31. g4 Nh4 32. f4 Ng2 33. Kc4
Rd5 34. c3 Nxf4 35. h4 Rxe5 36. a4 Ng2 37. Kd4 Ra5 38. Rb1 Rxa4+ 39. c4 Nxh4 40.
Rxb7+ Kf6 41. Rb5 Nf3+ 42. Kc3 Ne5 43. g5+ Kf5 44. Kb3 Rxc4 45. Rxe5+ Kxe5 46.
Kxc4 Kf4 0-1

[Event "AUTO-OPEN-1217"]
[Site "http://www.queenalice.com/game.php?id=442915"]
[Date "2008.8.2"]
[Round "1"]
[White "Hussan"]
[Black "bg"]
[Result "1-0"]
[WhiteElo "1790"]
[BlackElo "1723"]

1. e4 e5 2. Nf3 Nc6 3. Bc4 Be7 4. d3 d6 5. a3 Bg4 6. h3 Be6 7. Bxe6 fxe6 8. Nc3
Nf6 9. O-O Nd4 10. Be3 c5 11. Bxd4 cxd4 12. Nb5 a6 13. Nbxd4 exd4 14. Nxd4 Qd7
15. Nf3 O-O 16. e5 Nd5 17. d4 Qd8 18. c4 Nc7 19. d5 exd5 20. cxd5 dxe5 21. Nxe5
Bc5 22. d6 Bxd6 23. Qb3+ Kh8 24. Nf7+ Rxf7 25. Qxf7 Qf8 26. Qxf8+ Rxf8 27. Rad1
Ne8 28. Rfe1 g6 29. Re6 Bc5 30. Rd2 Ng7 31. Re5 Bb6 32. Re7 Rc8 33. Rdd7 1-0

[Event "AUTO-OPEN-1217"]
[Site "http://www.queenalice.com/game.php?id=442916"]
[Date "2008.8.2"]
[Round "1"]
[White "bg"]
[Black "Hussan"]
[Result "1-0"]
[WhiteElo "1701"]
[BlackElo "1733"]

1. d4 d5 2. c4 e6 3. Nc3 Bb4 4. Bf4 Nf6 5. Nf3 Bxc3+ 6. bxc3 O-O 7. e3 Ne4 8.
Qc2 Nc6 9. Bd3 f5 10. Be5 Nf6 11. h3 Nxe5 12. Nxe5 dxc4 13. Bxc4 Nd5 14. Be2 1-0

[Event "AUTO-ADV-992"]
[Site "http://www.queenalice.com/game.php?id=443334"]
[Date "2008.8.4"]
[Round "1"]
[White "Quaff"]
[Black "Hussan"]
[Result "1-0"]
[WhiteElo "1771"]
[BlackElo "1801"]

1. e4 e5 2. Nf3 Nc6 3. Bc4 Bc5 4. c3 Nf6 5. Qb3 O-O 6. d3 d6 7. Nbd2 Be6 8. Bxe6
fxe6 9. Qxe6+ Kh8 10. Qb3 Ng4 11. O-O Bxf2+ 12. Rxf2 Nxf2 13. Kxf2 Na5 14. Qd1
d5 15. Kg1 dxe4 16. Nxe4 Nc4 17. Qc2 Nd6 18. Nxe5 Nxe4 19. dxe4 Qf6 20. Nf3 Qg6
21. Qe2 Qg4 22. Bd2 Qe6 23. Nd4 Qb6 24. Be3 Rae8 25. Bf2 a6 26. Nf5 Qc6 27. Qg4
g6 28. Bd4+ Rf6 29. Bxf6+ Qxf6 30. Ng3 Qb6+ 31. Kf1 Qxb2 32. Rd1 Qxc3 33. Qf3
Qc4+ 34. Qd3 Qf7+ 35. Kg1 Rf8 36. Rf1 Qe7 37. Qd4+ Kg8 38. Qd5+ Kg7 39. Rxf8
Qxf8 40. Qd7+ Kh6 41. Qxc7 Qb4 42. Qf4+ Kg7 43. h4 h5 44. Qf2 Qe7 45. Qd4+ Kh7
46. e5 Qa3 47. Qf2 Qe7 48. Qf4 Qc5+ 49. Kh2 Qe7 50. Ne4 b5 51. Ng5+ Kg7 52. e6
Qf6 53. Qc7+ 1-0

[Event "AUTO-ADV-992"]
[Site "http://www.queenalice.com/game.php?id=443335"]
[Date "2008.8.4"]
[Round "1"]
[White "Hussan"]
[Black "Quaff"]
[Result "1-0"]
[WhiteElo "1771"]
[BlackElo "1835"]

1. e4 e5 2. Nf3 Nc6 3. Bc4 h6 4. d3 d6 5. a3 Nf6 6. Nc3 Be7 7. h3 a6 8. Be3 b5
9. Ba2 Be6 10. Nd5 Na7 11. Nxf6+ Bxf6 12. Bxe6 fxe6 13. O-O O-O 14. d4 exd4 15.
Bxd4 e5 16. Bxa7 Rxa7 17. b4 c5 18. Qd5+ Kh8 19. bxc5 dxc5 20. Qxc5 Rc7 21. Qb6
Rxc2 22. Qxa6 Qa8 23. Qxb5 Qxe4 24. Rae1 Qf5 25. Nd4 1-0

[Event "AUTO-ADV-992"]
[Site "http://www.queenalice.com/game.php?id=443348"]
[Date "2008.8.4"]
[Round "1"]
[White "Artking"]
[Black "Hussan"]
[Result "0-1"]
[WhiteElo "1849"]
[BlackElo "1751"]

1. e4 e5 2. Nf3 Nc6 3. Bb5 a6 4. Ba4 Nf6 5. O-O Nxe4 6. Qe2 Nc5 7. Bxc6 dxc6 8.
Nxe5 Be6 9. c3 Bd6 10. d4 Bxe5 11. dxe5 Qd3 12. Qxd3 Nxd3 13. Nd2 Nxe5 14. Ne4
O-O 15. f4 f5 16. Ng5 Bc4 17. Re1 Ng4 18. Re7 Rae8 19. Rxe8 Rxe8 20. Bd2 Re2 21.
Rd1 Bd5 22. Nf3 Bxf3 23. gxf3 Nxh2 24. Be1 Nxf3+ 25. Kf1 Rxb2 26. Rd8+ Kf7 27.
Bf2 Rxa2 28. Kg2 Nd2 29. Rd7+ Ke6 30. Rxg7 Ne4 0-1

[Event "AUTO-ADV-992"]
[Site "http://www.queenalice.com/game.php?id=443349"]
[Date "2008.8.4"]
[Round "1"]
[White "Hussan"]
[Black "Artking"]
[Result "1-0"]
[WhiteElo "1729"]
[BlackElo "1867"]

1. e4 d5 2. exd5 Qxd5 3. Nc3 Qa5 4. d4 c6 5. Bd2 Qc7 6. d5 cxd5 7. Nxd5 Qe5+ 8.
Be3 e6 9. Nf3 Qxd5 10. Qxd5 exd5 11. Ne5 Nf6 12. O-O-O Bf5 13. Bg5 Nbd7 14. Bb5
Rc8 15. Bxd7+ Kd8 16. Bxc8 Kxc8 17. Bxf6 gxf6 18. Nxf7 Rg8 19. Rxd5 Bh6+ 20.
Nxh6 Be4 21. Nxg8 1-0

[Event "AUTO-ADV-992"]
[Site "http://www.queenalice.com/game.php?id=443358"]
[Date "2008.8.4"]
[Round "1"]
[White "Hussan"]
[Black "andre_ramos"]
[Result "1-0"]
[WhiteElo "1723"]
[BlackElo "1691"]

1. e4 c5 2. Bc4 Nc6 3. Nf3 e6 4. d3 Be7 5. a3 d5 6. exd5 exd5 7. Bb5 Qa5+ 8. Nc3
d4 9. Bxc6+ bxc6 10. Bd2 dxc3 11. Bxc3 1-0

[Event "AUTO-ADV-992"]
[Site "http://www.queenalice.com/game.php?id=443359"]
[Date "2008.8.4"]
[Round "1"]
[White "andre_ramos"]
[Black "Hussan"]
[Result "0-1"]
[WhiteElo "1696"]
[BlackElo "1716"]

1. d4 d5 2. c4 e6 3. e3 Nf6 4. cxd5 exd5 5. Nc3 Bb4 6. Qa4+ Nc6 7. Bb5 Bxc3+ 8.
bxc3 Bd7 9. Ba3 a6 10. Bxc6 Bxc6 11. Qd1 Ne4 12. Ne2 Qf6 13. O-O Bb5 14. f3 Bxe2
15. Qxe2 Nxc3 16. Qc2 Nb5 17. Qa4 O-O-O 18. Rab1 Nc3 19. Qb4 Nxb1 20. Rxb1 b6
0-1

[Event "QA-ANNIV-04"]
[Site "http://www.queenalice.com/game.php?id=445687"]
[Date "2008.8.8"]
[Round "2"]
[White "Hussan"]
[Black "plexus"]
[Result "0-1"]
[WhiteElo "1736"]
[BlackElo "2054"]

1. e4 c5 2. Bc4 e6 3. Nf3 a6 4. a3 d5 5. Bd3 Nc6 6. O-O Nf6 7. exd5 exd5 8. c4
Be7 9. cxd5 Qxd5 10. Be2 Bf5 11. d3 O-O 12. Nc3 Qd6 13. Bg5 Rfe8 14. Bxf6 Bxf6
15. Ne4 Bxe4 16. dxe4 Qe7 17. Qd2 Rad8 18. Qc2 Qxe4 19. Qxe4 Rxe4 20. Rfe1 Bxb2
21. Rab1 Bxa3 0-1

[Event "BOARD 2 - DIV. H"]
[Site "http://www.queenalice.com/game.php?id=462289"]
[Date "2008.9.12"]
[Round "3"]
[White "Hussan"]
[Black "silverado"]
[Result "1/2-1/2"]
[WhiteElo "1802"]
[BlackElo "1786"]

1. e4 e5 2. Bc4 Nc6 3. Nf3 Nd4 4. Nxd4 exd4 5. Qf3 Qf6 6. Qxf6 Nxf6 7. d3 Ng4 8.
O-O d6 9. h3 Ne5 10. Bd5 c6 11. Bc4 Nxc4 12. dxc4 c5 13. Bf4 f6 14. h4 Be6 15.
b3 Be7 16. Nd2 f5 17. Rfe1 Kd7 18. exf5 Bxf5 19. Ne4 Bxe4 20. Rxe4 Bxh4 21. Bxd6
Bxf2+ 22. Kxf2 Kxd6 23. Rae1 Rhf8+ 24. Kg1 Rf7 25. Re5 b6 26. Rd5+ Kc6 27. Re6+
Kc7 28. b4 cxb4 29. Rxd4 Rd8 30. Rd3 Rdf8 31. Rb3 a5 32. c3 Rf4 33. Re7+ Kd6 34.
Rxg7 Rxc4 35. cxb4 axb4 36. Rxh7 Ra8 37. Rh6+ Kc5 38. Rh5+ Kc6 39. Rb2 Rd8 40.
Rf2 Rd6 41. Rf8 Rc1+ 42. Rf1 Rc2 43. Ra1 Rg6 44. Rh2 b5 45. g3 Rc3 46. Rh4
Rgxg3+ 47. Kh2 b3 48. axb3 Rxb3 49. Ra6+ Kb7 50. Rf6 Rg7 51. Rf2 Rb1 52. Rg2
Rxg2+ 53. Kxg2 b4 54. Rh6 b3 55. Rh4 Kc6 56. Rc4+ Kb5 57. Rc8 b2 58. Rb8+ Kc4
59. Rc8+ Kd5 60. Rd8+ Ke4 61. Re8+ Kd5 62. Rd8+ Kc6 63. Rc8+ Kb7 64. Rc2 Kb6 65.
Rf2 Kc5 66. Rf5+ Kd4 67. Rb5 Ke3 68. Rb8 Kf4 69. Rf8+ Kg5 70. Rg8+ Kf4 71. Rf8+
1/2-1/2

[Event "Challenge"]
[Site "http://www.queenalice.com/game.php?id=514462"]
[Date "2008.12.29"]
[Round "-"]
[White "Hussan"]
[Black "BboyH"]
[Result "0-1"]
[WhiteElo "1806"]
[BlackElo "1916"]

1. e4 Nf6 2. Nc3 g6 3. Nf3 Bg7 4. d4 d5 5. e5 Ne4 6. Nxe4 dxe4 7. Ng5 Bf5 8. Bc4
e6 9. Qe2 c6 10. Nxe4 Bxe4 11. Qxe4 O-O 12. O-O Nd7 13. Qg4 b5 14. Bd3 a6 15. b4
Nb6 16. Bg5 Qd5 17. Be7 Rfe8 18. Bc5 Na4 19. Bd6 a5 20. a3 Nb2 21. Qe4 Nxd3 22.
Qxd3 axb4 23. axb4 Ra2 24. Rxa2 Qxa2 25. Qc3 Rc8 26. Ra1 Qd5 27. Bc5 Bh6 28. Qa3
Qe4 29. Qa6 Rd8 30. Qb7 Bg5 31. f3 Be3+ 32. Kf1 Qxc2 0-1

[Event "BOARD 2 - DIV. H"]
[Site "http://www.queenalice.com/game.php?id=578318"]
[Date "2009.4.26"]
[Round "4"]
[White "Hussan"]
[Black "sidra"]
[Result "0-1"]
[WhiteElo "1751"]
[BlackElo "1859"]

1. e4 e5 2. Bc4 d6 3. Nc3 c6 4. d4 b5 5. Be2 exd4 6. Qxd4 f6 7. Bf4 a5 8. a3 g6
9. e5 dxe5 10. Bxe5 Bg7 11. Qxd8+ Kxd8 12. O-O-O+ Ke8 13. Bd6 Nd7 14. Nf3 Ne7
15. Nd4 Ne5 16. Bxe7 Kxe7 17. f4 Nc4 18. Nxc6+ Kf7 19. Bxc4+ bxc4 20. Rhe1 Be6
21. Nd5 f5 22. Nc7 Rac8 23. Nxe6 Rxc6 24. Nd8+ Rxd8 25. Rxd8 Rb6 26. c3 Rb7 27.
Ra8 Rb5 28. h3 Rc5 29. g4 fxg4 30. hxg4 Bf8 0-1

[Event "AUTO-ADV-992"]
[Site "http://www.queenalice.com/game.php?id=584232"]
[Date "2009.5.6"]
[Round "2"]
[White "philler"]
[Black "Hussan"]
[Result "1-0"]
[WhiteElo "1947"]
[BlackElo "1774"]

1. e4 e5 2. Nf3 Nc6 3. Bb5 a6 4. Ba4 b5 5. Bb3 Nf6 6. Ng5 d5 7. c3 Nxe4 8. Nxe4
dxe4 9. O-O Bc5 10. Bc2 Bf5 11. Qe2 Qd5 12. Re1 O-O-O 13. Bxe4 Bxe4 14. Qxe4
Qxe4 15. Rxe4 f5 16. Re2 g5 17. b3 1-0

[Event "AUTO-ADV-992"]
[Site "http://www.queenalice.com/game.php?id=584233"]
[Date "2009.5.6"]
[Round "2"]
[White "Hussan"]
[Black "philler"]
[Result "0-1"]
[WhiteElo "1784"]
[BlackElo "1937"]

1. e4 c5 2. Bc4 e6 3. Nf3 Nc6 4. d3 b5 5. Bxb5 Qa5+ 6. Nc3 Nd4 7. Ne5 Nxb5 8.
Nc4 Nxc3 9. bxc3 Qxc3+ 10. Bd2 Qf6 11. O-O d5 12. Ne3 dxe4 13. dxe4 Ba6 14. Ng4
Qb2 15. Re1 Rd8 16. c3 Qb5 17. Rb1 Qd3 0-1

[Event "AUTO-ADV-992"]
[Site "http://www.queenalice.com/game.php?id=584236"]
[Date "2009.5.6"]
[Round "2"]
[White "Hussan"]
[Black "mrcoelho"]
[Result "1-0"]
[WhiteElo "1739"]
[BlackElo "1828"]

1. e4 e5 2. Bc4 Bc5 3. Nf3 Nf6 4. d3 d5 5. exd5 Nxd5 6. Bxd5 Qxd5 7. O-O Nc6 8.
Nc3 Qd6 9. Ne4 Qe7 10. Bg5 f6 11. Bh4 Bb6 12. c3 h6 13. d4 g5 14. dxe5 gxh4 15.
exf6 Qf7 16. Re1 Be6 17. Nd6+ cxd6 18. Qxd6 Nd8 19. Qe5 O-O 20. Rad1 Qxf6 21.
Qd6 Bxa2 22. Qd7 h3 23. Qxh3 Bxf2+ 24. Kxf2 Qb6+ 25. Rd4 Ne6 26. Qxh6 Nxd4 27.
Qg5+ Kh7 28. Qh4+ Qh6 29. Qxd4 Qf6 30. Qe4+ Kg8 31. Kg1 Rad8 32. Qxb7 Bd5 33.
Qxa7 Bxf3 34. gxf3 Qxf3 35. Qa1 Qg4+ 36. Kh1 Rf2 37. Rg1 1-0

[Event "AUTO-ADV-992"]
[Site "http://www.queenalice.com/game.php?id=584237"]
[Date "2009.5.6"]
[Round "2"]
[White "mrcoelho"]
[Black "Hussan"]
[Result "1-0"]
[WhiteElo "1812"]
[BlackElo "1765"]

1. e4 e5 2. Nf3 Nf6 3. Nc3 Nc6 4. d4 exd4 5. Nxd4 Nxd4 6. Qxd4 d6 7. Bg5 Be7 8.
Bc4 O-O 9. O-O Nxe4 10. Bxe7 Qxe7 11. Nxe4 Bf5 12. Rfe1 Qh4 13. Bd3 Qf4 14. Nf6+
gxf6 15. Qxf4 Bg6 16. Qxf6 a6 17. Bxg6 fxg6 18. Qe7 Rac8 19. Re3 Rf7 20. Qe6 Kf8
21. Qxc8+ 1-0

[Event "AUTO-ADV-1453"]
[Site "http://www.queenalice.com/game.php?id=643315"]
[Date "2009.8.27"]
[Round "1"]
[White "Hussan"]
[Black "pedepano"]
[Result "0-1"]
[WhiteElo "1742"]
[BlackElo "1617"]

1. e4 e5 2. Bc4 Nc6 3. Nf3 Bc5 4. d3 Nf6 5. O-O d6 6. a3 O-O 7. Nc3 h6 8. h3 Re8
9. Bb5 Bd7 10. Be3 Bb6 11. b4 a5 0-1

[Event "AUTO-ADV-1453"]
[Site "http://www.queenalice.com/game.php?id=643316"]
[Date "2009.8.27"]
[Round "1"]
[White "pedepano"]
[Black "Hussan"]
[Result "1-0"]
[WhiteElo "1638"]
[BlackElo "1721"]

1. e4 e5 2. Nf3 Nc6 3. Bb5 d5 4. exd5 Qxd5 5. Nc3 Qc5 6. O-O a6 7. Ba4 b5 8. Bb3
Bg4 9. d3 Nf6 10. Bg5 Be7 11. Re1 1-0